| 000 | | | 06267cbc2a2200000#x 450 |
| 001 | | | a795f38d-63a5-445a-84c5-5f45c672a874 |
| 005 | | | 20200121100056.0 |
| 100 | ## | $a | 20170705l18491849k l0rusy0189 ca |
| 101 | 0# | $a | rus |
| 102 | ## | $a | RU |
| 200 | 1# | $a | Дело об уплате авторского гонорара статскому советнику Загоскину за пьесу "Поездка за границу" |
| | $j | 8 октября 1849 г. |
| 251 | ## | $c | Дело |
| 300 | ## | $a | По Санкт-Петербургской дирекции за 1849 год |
| 300 | ## | $a | Оригинальный заголовок дела: Дело по предписанию господина директора о выдаче господину действительному статскому советнику Загоскину за принятую от него пьесу "Поездка за границу" единовременно 500 рублей серебром на счёт Санкт-Петербургской и Московской дирекций. 8 октября 1849 г. |
| 300 | ## | $a | Рукописный текст. Чернила |
| 801 | #0 | $a | RU |
| | $b | РГИА |
| | $c | 20170705 |
| 801 | #1 | $a | RU |
| | $b | ГлавНИВЦ |
| | $c | 20170705 |
| | $2 | rusmarc |
| 801 | #2 | $a | RU |
| | $b | ПБ им. Б.Н. Ельцина |
| | $c | 20190110 |
| | $g | RCR |
| | $2 | rusmarc |
| 850 | ## | $a | Федеральное казенное учреждение "Российский государственный исторический архив" (РГИА) |
| 852 | ## | $a | РГИА |
| | $j | 12422 |
| 937 | ## | $h | РГИА |
| | $d | 12247244 |
| | $a | ASBIBLIO_SCAN |
| 462 | #0 | $1 | 001dd3991dc-24e1-42ec-8838-ca4255420416 |
| | $1 | 2001 |
| | $a | 1746-1850 гг. |
| | $v | Д. 12422 |
| | $1 | 251 |
| | $c | Опись |
| | $1 | 852 |
| | $j | 1 |
| 461 | #0 | $1 | 0019264ebf8-de62-4f1a-9eb4-9f22098dbbd5 |
| | $1 | 2001 |
| | $a | Дирекция императорских театров МИДв |
| | $1 | 251 |
| | $c | Фонд |
| | $1 | 852 |
| | $j | 497 |
| 215 | ## | $a | 3 листа |
| | $d | 36,5х26 см |
| 371 | ## | $a | Документ не является опубликованным и широко распространяемым |
| 105 | ## | $a | y### |
| 122 | 0# | $a | d18491008## |
| 517 | 1# | $a | Дело по предписанию господина директора о выдаче господину действительному статскому советнику Загоскину за принятую от него пьесу "Поездка за границу" единовременно 500 рублей серебром на счёт Санкт-Петербургской и Московской дирекций |
| | $e | 8 октября 1849 г. |
| 035 | ## | $a | a795f38d-63a5-445a-84c5-5f45c672a874 |
| 856 | ## | $u | http://readingroom.main.prlib.ru/item.aspx?id_node=n122841918&mode=full |
| 604 | ## | $1 | 500 |
| | $2 | prlib_sh |
| | $3 | LIBNET\UAF\0000087142 |
| | $a | "Поездка за границу" |
| | $1 | 700 |
| | $a | Загоскин |
| | $b | М. Н. |
| | $f | 1789-1852 |
| | $g | Михаил Николаевич |
| 601 | 01 | $2 | prlib_sh |
| | $3 | LIBNET\UAF\0000083361 |
| | $a | Россия |
| | $b | Дирекция императорских театров |
| | $b | Петербургская контора |
| | $j | Документы и материалы |
| 686 | ## | $2 | rubbk |
| | $a | 63.3(2)521-7 |
| | $v | LBC/M |
| 686 | ## | $a | 85.334 |
| | $v | LBC/M |
| | $2 | rubbk |
| 605 | ## | $2 | acquisition_Prlib |
| | $3 | LIBNET\UAF\0000080478 |
| | $a | Год театра в России |
| | $l | коллекция |
| 605 | ## | $2 | acquisition_Prlib |
| | $3 | DITM\AF\0000004166 |
| | $a | Россия в лицах |
| | $l | коллекция |
| 606 | 1# | $2 | nlr_sh1 |
| | $3 | RU\NLR\AUTH\664056 |
| | $a | Зрелищные предприятия |
| | $x | Выплата авторского гонорара |
| | $j | Документы и материалы |